1523 1071 1302 1197 1298 1805 1413 1722 1822 1123 1106 1439 1249 1987 1672 1540 1939 1641 1173 1859 1017 1339 1292 1203 1113 1694 1096 1148 1265 1167 1219 1130 1319 1399 1611 1964 1920 1059 1363 1326 1589 1697 1153 1030 1981 1355 1905 1357 1257 1716 1013 1496 1982 1145 1817 1821 1491 1090 1362 1062 1318 1542 1902 1446 1656 1027 1840 1603 1078 1164 1219 1300 1502 1354 1511 1207 1833 1052 1650 1895 1659 1976 1444 1319 1327 1417 1470 1256 1108 1837 1027 1449 1795 1595 1999 1751 1410 1156 1304 BCNSPRNW ULIB Ver.6.0+V

เปลี่ยนเป็นภาษาไทย

Change to English
 แสดงรายละเอียดบรรณานุกรม
  กลับหน้าหลัก

Brief Record : Get Marc (ISO 2709) : E-mail record : QR code < ปิดหน้าต่าง
LEADER : 00000nam 2200000uu 4500
001    13399120920
003     ULIB
008    121025s2555||||th 000 0 tha d
020    ^a978
050  4 ^aPE1128^bS411E
100 1  ^aSchwarz, Peter C.
245 10 ^aEnglish for nursing and health care students (Workbook) /^cPeter C.Schwarz
250    ^a1st ed.
260    ^aNonthaburi :^bBook Project Praboromarajchanok InstituteMinistry of Public Health,^c2555
300    ^a56 p. :^bill. ;^c21 cm.
650  0 ^aEnglish language^xconversation and phrase books (for medical personnel)
650  0 ^aCommunication in nursing
650  0 ^aCommunication in medicine
700 1  ^aซวอตซ์, ปีเตอร์ ซี.
710 2  ^aPraboromarajchanok Institute. ^bBook Project
945    ^p150^l0^i19541
945    ^p150^l0^i19542
945    ^p150^l0^i19543
945    ^p150^l0^i19544
945    ^p150^l0^i19545
995    ^aเกษร
999    ^aใช้งานได้ทุกระบบ
รายการนี้ยังไม่มีแท็ก
คุณยังไม่ได้ล็อกอิน คุณสามารถมีกิจกรรมร่วมกับเว็บไซต์ได้ แต่ต้องล็อกอินก่อน ::
  ล็อกอิน

รายการสื่อสารสนเทศ

ลำดับที่ ประเภท เลขเรียก/บาร์โค้ด สถานที่ สถานะ
1. วิทยาศาสตร์การแพทย์ และสุขภาพ
หนังสือสำรอง
สถานะ=หนังสือสำรอง
PE1128 S411E ฉ.1 
  Barcode: 19541
ห้องสมุดวิทยาเขตสวรรค์ประชารักษ์
►หนังสือทั่วไป
บนชั้น
2. วิทยาศาสตร์การแพทย์ และสุขภาพ
วิทยาศาสตร์การแพทย์ และสุขภาพ
PE1128 S411E ฉ.2 
  Barcode: 19542
ห้องสมุดวิทยาเขตสวรรค์ประชารักษ์
►หนังสือทั่วไป
บนชั้น
3. วิทยาศาสตร์การแพทย์ และสุขภาพ
วิทยาศาสตร์การแพทย์ และสุขภาพ
PE1128 S411E ฉ.3 
  Barcode: 19543
ห้องสมุดวิทยาเขตสวรรค์ประชารักษ์
►หนังสือทั่วไป
บนชั้น
4. วิทยาศาสตร์การแพทย์ และสุขภาพ
วิทยาศาสตร์การแพทย์ และสุขภาพ
PE1128 S411E ฉ.4 
  Barcode: 19544
ห้องสมุดวิทยาเขตสวรรค์ประชารักษ์
►หนังสือทั่วไป
บนชั้น
5. วิทยาศาสตร์การแพทย์ และสุขภาพ
วิทยาศาสตร์การแพทย์ และสุขภาพ
PE1128 S411E ฉ.5 
  Barcode: 19545
ห้องสมุดวิทยาเขตสวรรค์ประชารักษ์
►หนังสือทั่วไป
บนชั้น

รายการใกล้เคียง
    ผู้แต่ง [Schwarz, Peter C.]

    หัวเรื่อง [Communication in nursing]
    หัวเรื่อง [Communication in medicine]

BibComment


ยังไม่เคยถูกคอมเมนท์

คอมเมนท์ทรัพยากรรายการนี้
  คอมเมนท์: English for nurs..


 Copyright 2026. Bcnsprnw @Library